| 000 | 00904cam a22002771a 4500 | ||
|---|---|---|---|
| 001 | 76235 | ||
| 003 | BD-RjUL | ||
| 005 | 20211209082819.0 | ||
| 008 | 191115s1951 nyua 001 0 eng | ||
| 035 | _a(BD-RjUL) | ||
| 040 |
_aDLC _cOAkU _dOCoLC _dPPiU _dMoSU-L _dDLC _beng |
||
| 041 | _aeng | ||
| 042 | _apremarc | ||
| 043 | _an-us--- | ||
| 082 |
_a338.476691 _223 _bFIS 1951 |
||
| 100 | 1 |
_aFisher, Douglas A. _q(Douglas Alan), _d1899- _9234909 |
|
| 245 | 1 | 0 |
_aSteel serves the nation, 1901-1951 : _bthe fifty year story of United States Steel / _cby Douglas A. Fisher. |
| 260 |
_a[New York] : _bUnited States Steel Corp., _c1951. |
||
| 300 |
_a227 p. : _bill. (some col.) ; _c32 cm. |
||
| 500 | _aIncludes index. | ||
| 610 | 2 | 0 |
_aUnited States Steel Corporation. _9234910 |
| 906 |
_a7 _bcbc _coclcrpl _du _encip _f19 _gy-gencatlg |
||
| 942 |
_2ddc _cBK |
||
| 999 |
_c76235 _d76235 |
||